000
00203 a2200097 4500
001
32735
100
_a
Harding, G
245
_a
Along my line
260
_a
London
_b
Putnam & Co
_c
090
_c
21934
_d
21934
942
_a
NUST-CAE
_c
M
_c
13263
999
_c
267808
_d
267808